Tilastot visalle Satakunnan maakunnan kuntien vaakunat

Klikkaa tästä pelataksesi tätä visaa!

Yleistilastot

  • Tätä visaa on pelattu 67 kertaa
  • Keskiarvotulos 21 / 34

Vastaustilastot

Vastaus% Oikein
Rauma
94%
Pori
92%
Säkylä (2016–) / Köyliö
86%
Eura
84%
Eurajoki (2017–) / Luvia
84%
Ulvila
84%
Kankaanpää
82%
Harjavalta
80%
Merikarvia
80%
Nakkila
80%
Eurajoki (–2016)
78%
Säkylä (–2015)
78%
Karvia
76%
Kokemäki
76%
Siikainen
76%
Huittinen
67%
Pomarkku
67%
Jämijärvi
63%
Noormarkku
63%
Lavia
59%
Honkajoki
57%
Porin mlk
57%
Rauman mlk
55%
Lappi
51%
Ahlainen
47%
Kiukainen
43%
Kiikoinen
39%
Kauvatsa
37%
Kullaa
37%
Keikyä
33%
Hinnerjoki
31%
Kodisjoki
31%
Honkilahti
24%
Vampula
20%

Tulosjakauma

Persentiili vastausten määrän mukaan

Jokaisen tuloksen saaneiden osuus

Tuloshistoriasi

Et ole pelannut tätä visaa